| 000 | 00810nam a2200205 a 4500 | ||
|---|---|---|---|
| 001 | 000034938 | ||
| 005 | 20200930074010.0 | ||
| 008 | 111021s1963 sp a 000 0 spa d | ||
| 040 |
_aDO-SdBNP _bspa _cBNPHU |
||
| 082 |
_axxxx _bB162a |
||
| 100 | 1 |
_aBainton, Roland H. _960511 |
|
| 240 | 0 | 1 | _aChristian attitudes toward war and peace |
| 245 | 1 | 0 |
_aActitudes cristianas ante la guerra y la paz. : _bexamen historico y nueva valoración crítica / _cRoland H. Bainton; traducción Rafael Muñoz Rojas. |
| 260 |
_aMadrid, : _bTecnos, _c1963. |
||
| 300 |
_a247 p. : _bil. ; _c23 cm. |
||
| 490 | 1 | _aColección de ciencias sociales | |
| 590 | _aPerteneció a la biblioteca personal de Juan Isidro Jimenes-Grullón | ||
| 700 | 1 |
_aMuñoz Rojas, Rafael _etrad. _960512 |
|
| 830 | 0 |
_aColección de ciencias sociales _960513 |
|
| 999 |
_c34429 _d34429 |
||